Modulace /

Uložené v:
Podrobná bibliografia
Hlavný autor: Schreiber, Josef, 1900-1981 (Author)
Médium: Kniha
Jazyk:Czech
Vydané: Praha : Státní pedagogické nakladatelství, 1953.
Vydanie:1. vydání
Edícia:Učební texty vysokých škol
Fyzický popis: 48 strán.
Tagy: Pridať tag
Žiadne tagy, Buďte prvý kto otaguje tento záznam!

MARC

LEADER 00000nam a22000004a 4500
001 000731237
005 20250529080534.0
008 181025s1953 xr e 000 0 cze d
020 |c Kčs 6,14  |q (brožované) 
040 |a SVKKK  |b slo  |c SVKKK  |e AACR2 
041 0 |a cze 
044 |a xr  |c CZ 
100 1 |a Schreiber, Josef,  |d 1900-1981  |4 aut 
245 1 0 |a Modulace /  |c Josef Schreiber. 
250 |a 1. vydání 
264 1 |a Praha :  |b Státní pedagogické nakladatelství,  |c 1953. 
300 |a 48 strán. 
336 |a text  |b txt  |2 rdacontent 
337 |a bez média  |b n  |2 rdamedia 
338 |a zväzok  |b nc  |2 rdacarrier 
366 |e 160 kusov 
490 1 |a Učební texty vysokých škol 
500 |a Záznam revízie 
500 |a Vydavateľ: Vysoká škola pedagogická v Olomouci 
830 0 |a Učební texty vysokých škol 
910 |a svkkk 
998 |a BK 
090 |g SCKHL  |k Sklad Pribinova 3. posch.  |a V.50755  |j 50755  |i 2720855657  |s Prezenčne